| 000 | 00715cam a22002411 4500 | ||
|---|---|---|---|
| 001 | 2041 | ||
| 003 | BD-RjUL | ||
| 005 | 20211208233454.0 | ||
| 008 | 160618s1955 enka 000 0 eng | ||
| 035 | _a(BD-RjUL)2068 | ||
| 035 | _a(OCoLC)167273 | ||
| 040 |
_aDLC _cODaWU _dOCoLC _dUk _dDLC _dBD-RjUL _beng |
||
| 041 | _aeng | ||
| 082 | 0 | 0 |
_a330.81 _219 _bDOO 1955 |
| 100 | 1 |
_aDobb, Maurice, _d1900-1976. _95901 |
|
| 245 | 1 | 0 |
_aOn economic theory and socialism : _bcollected papers / _cMaurice Dobb. |
| 260 |
_aLondon : _bRoutledge & Paul, _c1955 [reprinted 1972] |
||
| 300 |
_a293 p. : _billus. ; _c22 cm. |
||
| 650 | 0 |
_aEconomics. _96685 |
|
| 650 | 0 |
_aSocialism. _96686 |
|
| 942 |
_2ddc _cBK |
||
| 999 |
_c2041 _d2041 |
||